[Event "Quebec op"]
[Site "Montreal"]
[Date "1973.10.08"]
[Round "5"]
[White "Brodie, Hugh"]
[Black "Bedard, Roger"]
[Result "0-1"]
[WhiteElo "1800"]
[BlackElo "1700"]
[PlyCount "107"]
[EventDate "1973.10.06"]
[EventType "swiss"]
[EventRounds "6"]
[EventCountry "CAN"]
[SourceTitle "EXT 2022"]
[Source "ChessBase"]
[SourceDate "2021.10.06"]
[SourceVersion "1"]
[SourceVersionDate "2021.10.06"]
[SourceQuality "1"]

1. e4 e6 2. d4 d5 3. e5 c5 4. c3 Nc6 5. Nf3 Qb6 6. Bd3 cxd4 7. cxd4 Bd7 8. 0-0 Nxd4 9. Nxd4 Qxd4 10. Nc3 Qxe5 11. Nb5 Bd6 12. f4 Bc5+ 13. Kh1 Qb8 14. Qf3 Nf6 15. Nc3 0-0 16. Bd2 Bc6 17. Qh3 b6 18. Rae1 Qb7 19. Re2 d4 20. Nd1 Be4 21. Bxe4 Nxe4 22. Qf3 Nd6 23. Qh5 Nf5 24. Rf3 g6 25. Qh3 Be7 26. Nf2 Rac8 27. Ng4 Rc2 28. Nh6+ Kg7 29. Nxf5+ exf5 30. Rd3 Bf6 31. Kg1 Rxb2 32. g4 fxg4 33. Qxg4 Rb1+ 34. Be1 Qa6 35. Qh3 Bh4 36. Kf1 Bxe1 37. Rxe1 Rxe1+ 38. Kxe1 Re8+ 39. Kf2 Qxa2+ 40. Kg3 Qd5 41. Qf1 Re4 42. h4 h5 43. Qd1 b5 44. Qa1 Qc4 45. Qd1 b4 46. Kf3 Qd5 47. Kg3 a5 48. Rf3 f5 49. Qc2 Re7 50. Rd3 Qe4 51. Qd2 Rc7 52. Rxd4 Rc3+ 53. Kh2 Rc2 54. Kg3 0-1